00942nam a2200193Ia 4500008004100000020001500041041001200056082001600068100002100084245005900105260003300164300000800197650001900205942000700224999001500231952016100246952017100407952017000578221030s9999 xx 000 0 und d a8185095159 aEnglish a105.23bKri aV. Krishnamurthy 3aAn Introduction to Linear Algebracby V. Krishnamurthy bEast West PressaIndiac2002 a329 aBE Mathematics cBK c7994d7994 pBE 5950g120.00l0o105.23 Krir2024-06-13 00:00:00w2022-10-30yBK003Print4071aMIETLIBbMIETLIBcBL-Second, FL-1, CUP-17, SH-1, R-1d2002-08-2810HBE pBE 5951g120.00l0o105.23 Krir2024-06-13 00:00:00w2022-10-30yBK003Print4070aMIETLIBbMIETLIBcBL-Academic Block- A, FL-1, CUP-3, SH-1, R-1d2002-08-2810HBE pBE 5952g120.00l0o105.23 Krir2024-06-13 00:00:00w2022-10-30yBK003Print4070aMIETLIBbMIETLIBcBL-Academic Block C, FL-2, CUP-6, SH-3, R-3d2002-08-2810HBE